[Event "Wch-blitz"]
[Site "Dubai UAE"]
[Date "2014.06.20"]
[Round "14.46"]
[White "Debashish, Das"]
[Black "Hansen, Eric"]
[Result "0-1"]
[WhiteElo "2484"]
[BlackElo "2584"]
[PlyCount "76"]
[GameId "2130307670176074"]
[EventDate "2014.06.19"]
[EventType "swiss (blitz)"]
[EventRounds "21"]
[EventCountry "UAE"]
[SourceTitle "The Week in Chess 1024"]
[Source "Mark Crowther"]
[SourceDate "2014.06.23"]
[SourceVersion "1"]
[SourceVersionDate "2014.06.23"]
[SourceQuality "2"]

1. d4 Nf6 2. c4 g6 3. Nc3 d5 4. cxd5 Nxd5 5. e4 Nxc3 6. bxc3 Bg7 7. Qa4+ c6 8. Nf3 O-O 9. Be2 Nd7 10. O-O b5 11. Qa3 Nb6 12. Bg5 Re8 13. Rfd1 Qc7 14. Rac1 a5 15. c4 b4 16. Qb3 c5 17. d5 Bd7 18. Qe3 e5 19. dxe6 Bxe6 20. Bf4 Qc8 21. Bd6 Na4 22. e5 h6 23. h3 Ra6 24. Bd3 Nb2 25. Rd2 Nxd3 26. Qxd3 a4 27. Qe3 Rc6 28. Rdd1 Qa6 29. Nd2 Bf5 30. g4 Be6 31. Ne4 Bxc4 32. Nxc5 Qb5 33. Qd4 Bxa2 34. Qf4 a3 35. Nd7 Rxc1 36. Rxc1 Qxd7 37. Rc7 Qb5 38. Bxb4 Bxe5 0-1

[Event "Wch-blitz"]
[Site "Dubai UAE"]
[Date "2014.06.20"]
[Round "15.36"]
[White "Hansen, Eric"]
[Black "Potkin, Vladimir"]
[Result "1/2-1/2"]
[WhiteElo "2584"]
[BlackElo "2621"]
[PlyCount "121"]
[GameId "2130307670180211"]
[EventDate "2014.06.19"]
[EventType "swiss (blitz)"]
[EventRounds "21"]
[EventCountry "UAE"]
[SourceTitle "The Week in Chess 1024"]
[Source "Mark Crowther"]
[SourceDate "2014.06.23"]
[SourceVersion "1"]
[SourceVersionDate "2014.06.23"]
[SourceQuality "2"]

1. e4 c5 2. Nf3 e6 3. d4 cxd4 4. Nxd4 Nc6 5. Nc3 Qc7 6. Be3 a6 7. Qd2 Nf6 8. O-O-O Be7 9. f3 b5 10. Kb1 O-O 11. g4 Ne5 12. g5 Ne8 13. f4 Nc4 14. Bxc4 Qxc4 15. f5 Bb7 16. f6 Bb4 17. Nde2 Bxe4 18. Rhf1 d5 19. fxg7 Nxg7 20. Bd4 Rac8 21. a3 Ba5 22. Ng3 Bg6 23. Qf4 Bc7 24. Qf6 e5 25. Bxe5 Bxe5 26. Qxe5 b4 27. axb4 Qxb4 28. Rf4 Qb7 29. Qxd5 Qb8 30. Rfd4 Rxc3 31. Ne4 Bxe4 32. Qxe4 Rc7 33. Rb4 Qc8 34. h4 Re8 35. Qd3 a5 36. Rd4 a4 37. h5 a3 38. g6 hxg6 39. hxg6 a2+ 40. Kxa2 Qe6+ 41. Kb1 Qxg6 42. Qb3 Rcc8 43. Rd7 Qe6 44. Qd3 Qf5 45. Qd2 Qg6 46. Rd5 Rc6 47. Rg5 Rxc2 48. Rxg6 Rxd2 49. Rxg7+ Kxg7 50. Rxd2 f5 51. Kc2 Re4 52. Kc3 Kf6 53. b4 Ke5 54. b5 Re1 55. Rb2 Kd6 56. b6 Re8 57. Kd4 Rb8 58. b7 Kc6 59. Ke5 Rxb7 60. Rxb7 Kxb7 61. Kxf5 1/2-1/2

[Event "Wch-blitz"]
[Site "Dubai UAE"]
[Date "2014.06.20"]
[Round "16.37"]
[White "Hansen, Eric"]
[Black "Naiditsch, Arkadij"]
[Result "1-0"]
[WhiteElo "2584"]
[BlackElo "2705"]
[PlyCount "83"]
[GameId "2130307670180262"]
[EventDate "2014.06.19"]
[EventType "swiss (blitz)"]
[EventRounds "21"]
[EventCountry "UAE"]
[SourceTitle "The Week in Chess 1024"]
[Source "Mark Crowther"]
[SourceDate "2014.06.23"]
[SourceVersion "1"]
[SourceVersionDate "2014.06.23"]
[SourceQuality "2"]

1. e4 c5 2. Nf3 Nc6 3. Bb5 d6 4. O-O Bd7 5. Re1 a6 6. Bf1 Bg4 7. h3 Bxf3 8. Qxf3 g6 9. d3 Bg7 10. c3 Nf6 11. Nd2 O-O 12. Qd1 b5 13. Nf3 Nd7 14. d4 cxd4 15. cxd4 Nb6 16. Bg5 Rc8 17. Rc1 Qd7 18. Qd2 d5 19. e5 Nc4 20. Qe2 h6 21. Bf4 e6 22. b3 Nb6 23. Qd2 Kh7 24. h4 Ne7 25. Bd3 Rxc1 26. Rxc1 Rc8 27. Rd1 Qc7 28. h5 Qc3 29. Qe2 Nf5 30. hxg6+ fxg6 31. g4 Ne7 32. Kg2 Kg8 33. Rh1 g5 34. Bxg5 hxg5 35. Nxg5 Kf8 36. Qf3+ Ke8 37. Qf7+ Kd8 38. Nxe6+ Kd7 39. Bf5 Bxe5 40. Nc5+ Kd6 41. Rh6+ Kc7 42. Qxe7+ 1-0

[Event "Wch-blitz"]
[Site "Dubai UAE"]
[Date "2014.06.20"]
[Round "17.32"]
[White "Bologan, Viktor"]
[Black "Hansen, Eric"]
[Result "1-0"]
[WhiteElo "2661"]
[BlackElo "2584"]
[PlyCount "99"]
[GameId "2130307670184403"]
[EventDate "2014.06.19"]
[EventType "swiss (blitz)"]
[EventRounds "21"]
[EventCountry "UAE"]
[SourceTitle "The Week in Chess 1024"]
[Source "Mark Crowther"]
[SourceDate "2014.06.23"]
[SourceVersion "1"]
[SourceVersionDate "2014.06.23"]
[SourceQuality "2"]

1. e4 c5 2. Nf3 e6 3. d4 cxd4 4. Nxd4 a6 5. Nc3 Qc7 6. Bd3 Nf6 7. f4 d6 8. Qf3 b5 9. a3 Bb7 10. g4 Nc6 11. Be3 Be7 12. g5 Nd7 13. O-O g6 14. Qh3 Nxd4 15. Bxd4 e5 16. fxe5 Nxe5 17. Qg3 h6 18. gxh6 Rxh6 19. a4 b4 20. Nd5 Bxd5 21. exd5 Rh5 22. Kh1 Nxd3 23. cxd3 Qb7 24. Rae1 Qxd5+ 25. Qf3 Qxf3+ 26. Rxf3 Kf8 27. Ref1 f5 28. Rc1 Re8 29. Rc6 Rh4 30. Bf2 Rh5 31. a5 Kf7 32. Rxa6 Reh8 33. h3 Rxh3+ 34. Kg2 Rxf3 35. Kxf3 Rh3+ 36. Ke2 Rh2 37. Ra7 Ke6 38. Kf1 d5 39. Ra6+ Kd7 40. Rxg6 Rh1+ 41. Ke2 Ra1 42. a6 Bd6 43. a7 Ra2 44. Rg8 Rxb2+ 45. Ke1 Rb1+ 46. Kd2 Bf4+ 47. Kc2 Rc1+ 48. Kb2 Rf1 49. a8=Q Rxf2+ 50. Kb3 1-0

[Event "Wch-blitz"]
[Site "Dubai UAE"]
[Date "2014.06.20"]
[Round "18.37"]
[White "Hansen, Eric"]
[Black "Kryvoruchko, Yuriy"]
[Result "0-1"]
[WhiteElo "2584"]
[BlackElo "2707"]
[PlyCount "132"]
[GameId "2130307670184458"]
[EventDate "2014.06.19"]
[EventType "swiss (blitz)"]
[EventRounds "21"]
[EventCountry "UAE"]
[SourceTitle "The Week in Chess 1024"]
[Source "Mark Crowther"]
[SourceDate "2014.06.23"]
[SourceVersion "1"]
[SourceVersionDate "2014.06.23"]
[SourceQuality "2"]

1. e4 e5 2. Nf3 Nc6 3. Bb5 Nf6 4. d3 Bc5 5. c3 d5 6. Nbd2 dxe4 7. dxe4 O-O 8. O-O Qe7 9. Qe2 a5 10. a4 Bg4 11. h3 Bh5 12. Re1 Nd8 13. Nf1 Ne6 14. Ng3 Nf4 15. Bxf4 exf4 16. Nxh5 Nxh5 17. e5 Rad8 18. Rad1 g6 19. Bc4 Kg7 20. Qe4 Rfe8 21. Rxd8 Rxd8 22. Nd4 Kh8 23. Be2 Ng7 24. Bf3 c6 25. Nb3 Ne6 26. Bg4 Bb6 27. Bxe6 Qxe6 28. Nd4 Bxd4 29. cxd4 g5 30. Rd1 h6 31. Rd2 Qc4 32. Kh2 Qe6 33. g3 fxg3+ 34. fxg3 Kg8 35. Rf2 Re8 36. h4 c5 37. Rf5 cxd4 38. hxg5 Qg6 39. g4 hxg5 40. Qxd4 Qh6+ 41. Kg2 Qc6+ 42. Kg3 Qh6 43. Qe3 Qh4+ 44. Kf3 Qh3+ 45. Kf2 Qh2+ 46. Kf1 f6 47. e6 Qh1+ 48. Kf2 Qh2+ 49. Kf1 Qxb2 50. Qe4 Qa1+ 51. Kf2 Qa2+ 52. Kf1 Qxe6 53. Qxe6+ Rxe6 54. Rxa5 Re4 55. Ra8+ Kg7 56. a5 Rxg4 57. Ra7 Kg6 58. Rxb7 Ra4 59. Rb5 g4 60. Kg2 Ra3 61. Rc5 f5 62. Rd5 Kg5 63. Kf2 g3+ 64. Kg2 Kg4 65. Rd8 Ra2+ 66. Kg1 Rxa5 0-1

[Event "Wch-blitz"]
[Site "Dubai UAE"]
[Date "2014.06.20"]
[Round "19.40"]
[White "Nielsen, Peter Heine"]
[Black "Hansen, Eric"]
[Result "1-0"]
[WhiteElo "2654"]
[BlackElo "2584"]
[PlyCount "77"]
[GameId "2130307670188607"]
[EventDate "2014.06.19"]
[EventType "swiss (blitz)"]
[EventRounds "21"]
[EventCountry "UAE"]
[SourceTitle "The Week in Chess 1024"]
[Source "Mark Crowther"]
[SourceDate "2014.06.23"]
[SourceVersion "1"]
[SourceVersionDate "2014.06.23"]
[SourceQuality "2"]

1. d4 Nf6 2. c4 g6 3. Nc3 d5 4. cxd5 Nxd5 5. e4 Nxc3 6. bxc3 Bg7 7. Be3 c5 8. Rc1 O-O 9. Qd2 Qa5 10. Nf3 b6 11. d5 Bg4 12. Ng5 f6 13. h3 Bc8 14. Nf3 Ba6 15. c4 Qxd2+ 16. Kxd2 Nd7 17. Bd3 Rae8 18. h4 f5 19. exf5 gxf5 20. Bf4 Nf6 21. Rce1 Bc8 22. Ng5 Ne4+ 23. Bxe4 fxe4 24. g3 e6 25. Nxe4 exd5 26. cxd5 Rd8 27. d6 Bb7 28. Re2 Rf5 29. Rhe1 c4 30. Nc3 Bc6 31. Re7 b5 32. Rc7 b4 33. Ne4 c3+ 34. Kc1 Bd5 35. Bg5 Rxg5 36. hxg5 Bxa2 37. d7 Be6 38. Nc5 b3 39. Rxe6 1-0

[Event "Wch-blitz"]
[Site "Dubai UAE"]
[Date "2014.06.20"]
[Round "20.46"]
[White "Taleb, Moussa"]
[Black "Hansen, Eric"]
[Result "0-1"]
[WhiteElo "2406"]
[BlackElo "2584"]
[PlyCount "78"]
[GameId "2130307670192758"]
[EventDate "2014.06.19"]
[EventType "swiss (blitz)"]
[EventRounds "21"]
[EventCountry "UAE"]
[SourceTitle "The Week in Chess 1024"]
[Source "Mark Crowther"]
[SourceDate "2014.06.23"]
[SourceVersion "1"]
[SourceVersionDate "2014.06.23"]
[SourceQuality "2"]

1. Nf3 Nf6 2. d4 g6 3. c3 Bg7 4. Bg5 O-O 5. Nbd2 d6 6. e3 Qe8 7. Bxf6 Bxf6 8. h4 Bg7 9. h5 e5 10. hxg6 hxg6 11. dxe5 dxe5 12. Bc4 Qe7 13. Qe2 Bg4 14. Qd3 Bf5 15. e4 Bg4 16. O-O-O Nd7 17. Qe3 b5 18. Bd5 Rad8 19. Rh4 Nf6 20. Rdh1 Nxd5 21. exd5 f5 22. Ne1 g5 23. Rxg4 fxg4 24. Qe4 Rxf2 25. Qh7+ Kf8 26. Ne4 Rf4 27. Qg6 Qf7 28. Qxf7+ Kxf7 29. Nxg5+ Kg6 30. Ne6 Rxd5 31. Nxf4+ exf4 32. Kc2 Re5 33. Kd2 Re4 34. Nd3 Bh6 35. Kd1 Re3 36. Nf2 Rg3 37. Rh2 f3 38. gxf3 Rg1+ 39. Ke2 g3 0-1

[Event "Wch-blitz"]
[Site "Dubai UAE"]
[Date "2014.06.20"]
[Round "21.41"]
[White "Hansen, Eric"]
[Black "Volokitin, Andrei"]
[Result "1-0"]
[WhiteElo "2584"]
[BlackElo "2638"]
[PlyCount "61"]
[GameId "2130307670192804"]
[EventDate "2014.06.19"]
[EventType "swiss (blitz)"]
[EventRounds "21"]
[EventCountry "UAE"]
[SourceTitle "The Week in Chess 1024"]
[Source "Mark Crowther"]
[SourceDate "2014.06.23"]
[SourceVersion "1"]
[SourceVersionDate "2014.06.23"]
[SourceQuality "2"]

1. e4 c5 2. Nf3 e6 3. d4 cxd4 4. Nxd4 Nc6 5. Nc3 Qc7 6. Be3 a6 7. Qd2 Nf6 8. O-O-O Be7 9. f3 b5 10. Kb1 Bb7 11. g4 Nxd4 12. Bxd4 O-O 13. g5 Nh5 14. Ne2 Rac8 15. Bh3 g6 16. Bg4 Ng7 17. h4 d5 18. e5 b4 19. h5 a5 20. hxg6 fxg6 21. Be3 Qxe5 22. f4 Qc7 23. Nd4 Bc5 24. Qh2 Nf5 25. Nxe6 Qe7 26. Bxc5 Rxc5 27. Nxc5 Bc6 28. Rde1 Qa7 29. Ne6 Rc8 30. Bxf5 gxf5 31. g6 1-0

[Event "Wch-rapid"]
[Site "Dubai UAE"]
[Date "2014.06.17"]
[Round "7.28"]
[White "Hansen, Eric"]
[Black "Meier, Geo"]
[Result "0-1"]
[WhiteElo "2584"]
[BlackElo "2632"]
[PlyCount "54"]
[GameId "2130307670313799"]
[EventDate "2014.06.16"]
[EventType "swiss (rapid)"]
[EventRounds "15"]
[EventCountry "UAE"]
[SourceTitle "The Week in Chess 1024"]
[Source "Mark Crowther"]
[SourceDate "2014.06.23"]
[SourceVersion "1"]
[SourceVersionDate "2014.06.23"]
[SourceQuality "2"]

1. e4 e6 2. d4 d5 3. Nc3 dxe4 4. Nxe4 Nd7 5. Nf3 Ngf6 6. Bg5 h6 7. Nxf6+ Nxf6 8. Be3 Bd6 9. Bd3 O-O 10. Qe2 b6 11. O-O-O Bb7 12. Ne5 Nd5 13. Bd2 Qh4 14. Nf3 Qf6 15. Qe4 Qf5 16. Qe1 Qf6 17. Qe4 Qf5 18. Qe1 Qf6 19. Be4 c5 20. dxc5 bxc5 21. c4 Rfe8 22. Kb1 Rab8 23. b3 Bf4 24. Rc1 a5 25. g3 Bxd2 26. Qxd2 Nc3+ 27. Qxc3 Bxe4+ 0-1

[Event "Wch-rapid"]
[Site "Dubai UAE"]
[Date "2014.06.17"]
[Round "8.44"]
[White "Shyam, Sundar"]
[Black "Hansen, Eric"]
[Result "0-1"]
[WhiteElo "2468"]
[BlackElo "2584"]
[PlyCount "88"]
[GameId "2130307670317965"]
[EventDate "2014.06.16"]
[EventType "swiss (rapid)"]
[EventRounds "15"]
[EventCountry "UAE"]
[SourceTitle "The Week in Chess 1024"]
[Source "Mark Crowther"]
[SourceDate "2014.06.23"]
[SourceVersion "1"]
[SourceVersionDate "2014.06.23"]
[SourceQuality "2"]

1. c4 e5 2. Nc3 Nf6 3. Nf3 Nc6 4. e3 Bb4 5. Qc2 Bxc3 6. bxc3 d6 7. e4 O-O 8. g3 h6 9. Bg2 Be6 10. d3 Qd7 11. O-O Ne7 12. Rd1 Bh3 13. Bh1 Ng6 14. d4 Qg4 15. Ne1 Rfe8 16. f3 Qe6 17. d5 Qe7 18. Nd3 Bd7 19. Be3 b6 20. Rf1 Rf8 21. Rae1 Rae8 22. Bg2 Qd8 23. Nf2 Nh7 24. Qd2 Qc8 25. f4 exf4 26. gxf4 f5 27. c5 bxc5 28. e5 Bb5 29. e6 Nh4 30. Nd3 Qa6 31. Rd1 Nxg2 32. Kxg2 Nf6 33. Nb2 Nxd5 34. c4 Nxe3+ 35. Qxe3 Bc6+ 36. Kh3 Qc8 37. Rde1 Be4 38. Rg1 Qxe6 39. Qc3 Qf7 40. Re3 Qh5+ 41. Kg3 Qg4+ 42. Kf2 Qxf4+ 43. Ke1 Qxe3+ 44. Qxe3 Bc6 0-1

[Event "Wch-rapid"]
[Site "Dubai UAE"]
[Date "2014.06.18"]
[Round "11.32"]
[White "Hansen, Eric"]
[Black "Najer, Evgeniy"]
[Result "0-1"]
[WhiteElo "2584"]
[BlackElo "2653"]
[PlyCount "110"]
[GameId "2130307670326310"]
[EventDate "2014.06.16"]
[EventType "swiss (rapid)"]
[EventRounds "15"]
[EventCountry "UAE"]
[SourceTitle "The Week in Chess 1024"]
[Source "Mark Crowther"]
[SourceDate "2014.06.23"]
[SourceVersion "1"]
[SourceVersionDate "2014.06.23"]
[SourceQuality "2"]

1. e4 c6 2. d4 d5 3. e5 c5 4. dxc5 Nc6 5. Nf3 Bg4 6. c3 e6 7. Be3 a6 8. Qa4 Bxf3 9. gxf3 Nge7 10. Nd2 Qd7 11. b4 Nxe5 12. Qxd7+ Nxd7 13. Nb3 Nf5 14. Bd3 Nxe3 15. fxe3 Be7 16. f4 g5 17. Rg1 h6 18. a4 Bd8 19. Ke2 Bc7 20. Raf1 Ke7 21. Nd4 f5 22. a5 Rhg8 23. c6 bxc6 24. Nxc6+ Kf6 25. Rg3 g4 26. Rgg1 Rgc8 27. Nd4 Bd6 28. Kd2 h5 29. h3 Bf8 30. hxg4 hxg4 31. Rh1 Bg7 32. Rh7 Nf8 33. Rh5 Kf7 34. Ne2 Rc6 35. Rc1 Nd7 36. Rhh1 Nf6 37. Nd4 Rd6 38. Ke2 Rc8 39. c4 dxc4 40. Rxc4 Rxc4 41. Bxc4 Ne4 42. Bxe6+ Rxe6 43. Nxe6 Ng3+ 44. Kd2 Nxh1 45. Ng5+ Ke7 46. b5 Kd7 47. bxa6 Kc8 48. e4 fxe4 49. Nxe4 g3 50. Ng5 g2 51. Nh3 Bd4 52. Ke2 Nf2 53. Ng1 Ng4 54. Nh3 Nf2 55. Ng1 Nd3 0-1

[Event "Wch-rapid"]
[Site "Dubai UAE"]
[Date "2014.06.18"]
[Round "15.38"]
[White "Hansen, Eric"]
[Black "Glek, Igor"]
[Result "1-0"]
[WhiteElo "2584"]
[BlackElo "2438"]
[PlyCount "55"]
[GameId "2130307670338823"]
[EventDate "2014.06.16"]
[EventType "swiss (rapid)"]
[EventRounds "15"]
[EventCountry "UAE"]
[SourceTitle "The Week in Chess 1024"]
[Source "Mark Crowther"]
[SourceDate "2014.06.23"]
[SourceVersion "1"]
[SourceVersionDate "2014.06.23"]
[SourceQuality "2"]

1. e4 e6 2. d4 d5 3. Nc3 Nf6 4. Bg5 Bb4 5. e5 h6 6. Bc1 Ne4 7. Qg4 g6 8. Nge2 c5 9. a3 Ba5 10. dxc5 Nc6 11. b4 Nxe5 12. Qh3 Bc7 13. Nxe4 dxe4 14. Nc3 f5 15. Bb2 a6 16. Rd1 Qf6 17. Be2 Nf7 18. Nd5 Qxb2 19. Nxc7+ Ke7 20. Nxa8 Qxc2 21. Nb6 f4 22. Bc4 Ng5 23. Qb3 Qxb3 24. Bxb3 f3 25. g3 Nh3 26. Rd6 Kf6 27. Nxc8 Rxc8 28. Bxe6 1-0

[Event "Rabat Blitz Marathon"]
[Site "Rabat MAR"]
[Date "2014.06.07"]
[Round "4.4"]
[White "Ouakhir, Mehdi"]
[Black "Hansen, Eric"]
[Result "0-1"]
[WhiteElo "2174"]
[BlackElo "2584"]
[PlyCount "69"]
[GameId "2130307670759107"]
[EventDate "2014.06.07"]
[EventType "swiss (blitz)"]
[EventRounds "21"]
[EventCountry "MAR"]
[SourceTitle "10 Days #402"]
[Source "Chess Mix"]

1. d4 Nf6 2. c4 g6 3. Nc3 d5 4. cxd5 Nxd5 5. e4 Nxc3 6. bxc3 Bg7 7. Bc4 c5 8. Ne2 O-O 9. O-O Nc6 10. Be3 Bg4 11. f3 Bd7 12. Qd2 Rc8 13. Rac1 Qa5 14. Bh6 cxd4 15. Bxg7 Kxg7 16. Nxd4 Ne5 17. Bb3 Nc4 18. Qf2 e5 19. Bxc4 Rxc4 20. Nb3 Qa3 21. f4 exf4 22. Qxf4 Qe7 23. Rcd1 Ba4 24. Rd4 Bxb3 25. axb3 Rxc3 26. Rfd1 Rc7 27. h4 Re8 28. h5 g5 29. Qf5 Rc5 30. Rd5 Rxd5 31. exd5 h6 32. d6 Qe3+ 33. Kh1 Qe2 34. Rf1 Qxh5+ 35. Kg1 0-1

[Event "Rabat Blitz Marathon"]
[Site "Rabat MAR"]
[Date "2014.06.07"]
[Round "5.1"]
[White "Hansen, Eric"]
[Black "Bauer, Christian"]
[Result "1-0"]
[WhiteElo "2584"]
[BlackElo "2630"]
[PlyCount "92"]
[GameId "2130307670759108"]
[EventDate "2014.06.07"]
[EventType "swiss (blitz)"]
[EventRounds "21"]
[EventCountry "MAR"]
[SourceTitle "10 Days #402"]
[Source "Chess Mix"]

1. e4 Nc6 2. Nf3 g6 3. d4 Bg7 4. Nc3 d6 5. h3 Nf6 6. Bb5 O-O 7. O-O a6 8. Bxc6 bxc6 9. Re1 Nd7 10. Bg5 h6 11. Bh4 Rb8 12. b3 c5 13. Nd5 g5 14. Bg3 e6 15. Ne3 cxd4 16. Nxd4 Bb7 17. Nc4 Ba8 18. c3 Nc5 19. f3 f5 20. exf5 exf5 21. b4 f4 22. Bf2 Nd7 23. Ne6 Qe7 24. Nxf8 Qxf8 25. Bd4 Nf6 26. Qd3 Qf7 27. Re2 Bc6 28. a4 Nd5 29. Na5 Ba8 30. Rae1 Bxd4+ 31. Qxd4 Ne3 32. Rxe3 fxe3 33. Rxe3 Re8 34. Rxe8+ Qxe8 35. Kf2 Qxa4 36. Qc4+ Kh8 37. Qxc7 Qc2+ 38. Kg3 Qd2 39. Qb8+ Kg7 40. Qa7+ Kg6 41. Qd4 Qxd4 42. cxd4 Bd5 43. Kf2 Kf5 44. Ke3 Kf6 45. Kd3 h5 46. Nc4 Ke6 1-0

[Event "Rabat Blitz Marathon"]
[Site "Rabat MAR"]
[Date "2014.06.07"]
[Round "6.1"]
[White "Hansen, Eric"]
[Black "Van Wely, Loek"]
[Result "1-0"]
[WhiteElo "2584"]
[BlackElo "2654"]
[PlyCount "104"]
[GameId "2130307670759112"]
[EventDate "2014.06.07"]
[EventType "swiss (blitz)"]
[EventRounds "21"]
[EventCountry "MAR"]
[SourceTitle "10 Days #402"]
[Source "Chess Mix"]

1. e4 c5 2. Nf3 e6 3. d4 cxd4 4. Nxd4 a6 5. Nc3 Qc7 6. Bd3 Nf6 7. O-O d6 8. Kh1 Nbd7 9. f4 b5 10. Qe1 Bb7 11. Bd2 Be7 12. b4 O-O 13. a4 bxa4 14. Nxa4 d5 15. exd5 Bxd5 16. c4 Bb7 17. Nb3 Rad8 18. Qe2 e5 19. Rae1 e4 20. Bb1 Bc6 21. b5 axb5 22. cxb5 Bd5 23. Rc1 Qa7 24. Na5 Rc8 25. h3 Ba3 26. Rc3 Rxc3 27. Bxc3 Bd6 28. Ba2 Rc8 29. Be1 e3 30. Bc3 Bxa2 31. Qxa2 Rxc3 32. Nxc3 Nh5 33. Ne2 g6 34. Qd5 Qxa5 35. Qxd6 Qxb5 36. Re1 Nhf6 37. Qd4 Nd5 38. Nc3 Nxc3 39. Qxc3 Qb6 40. Qxe3 Qc6 41. Qe8+ Kg7 42. Qe7 Nf6 43. Qe5 Qc2 44. Re2 Qc1+ 45. Kh2 h5 46. g4 hxg4 47. hxg4 Qc6 48. g5 Kg8 49. Qxf6 Qc8 50. Re7 Qc2+ 51. Kg3 Qb3+ 52. Kg4 Qd1+ 1-0

[Event "Rabat Blitz Marathon"]
[Site "Rabat MAR"]
[Date "2014.06.07"]
[Round "7.3"]
[White "Czebe, Attila"]
[Black "Hansen, Eric"]
[Result "1/2-1/2"]
[WhiteElo "2411"]
[BlackElo "2584"]
[PlyCount "89"]
[GameId "2130307670759118"]
[EventDate "2014.06.07"]
[EventType "swiss (blitz)"]
[EventRounds "21"]
[EventCountry "MAR"]
[SourceTitle "10 Days #402"]
[Source "Chess Mix"]

1. c4 Nf6 2. g3 d5 3. cxd5 Nxd5 4. Bg2 g6 5. Nc3 Nxc3 6. bxc3 Bg7 7. Rb1 c6 8. Nf3 Nd7 9. c4 Qa5 10. Qc2 Nc5 11. O-O O-O 12. d3 Rd8 13. Bd2 Qa4 14. Qxa4 Nxa4 15. Rfc1 c5 16. Ne1 Rb8 17. Bf4 e5 18. Bg5 Re8 19. Bd2 Rd8 20. Nc2 b6 21. Ne3 a6 22. Bc6 Bd7 23. Nd5 Kf8 24. Bxa4 Bxa4 25. Nxb6 Bc6 26. Be3 e4 27. Bxc5+ Ke8 28. Kf1 exd3 29. exd3 Rxd3 30. Re1+ Kd8 31. Rbd1 Rxd1 32. Rxd1+ Ke8 33. Ke2 Be5 34. f4 Bc7 35. Nd5 Bd8 36. Kd3 f6 37. Rd2 Kf7 38. Kc3 Ba5+ 39. Bb4 Bd8 40. Ne3 Bc7 41. Bd6 Ba5+ 42. Kd3 Rd8 43. c5 Bxd2 44. Kxd2 Ke6 45. Kc3 1/2-1/2

[Event "Rabat Blitz Marathon"]
[Site "Rabat MAR"]
[Date "2014.06.07"]
[Round "8.3"]
[White "Hansen, Eric"]
[Black "Shoker, Samy"]
[Result "1-0"]
[WhiteElo "2584"]
[BlackElo "2482"]
[PlyCount "93"]
[GameId "2130307670759122"]
[EventDate "2014.06.07"]
[EventType "swiss (blitz)"]
[EventRounds "21"]
[EventCountry "MAR"]
[SourceTitle "10 Days #402"]
[Source "Chess Mix"]

1. e4 c5 2. Nf3 g6 3. c4 Bg7 4. d4 Nf6 5. Nc3 O-O 6. Be2 d6 7. d5 e5 8. Be3 Ng4 9. Bg5 f6 10. Bh4 h5 11. Nd2 Nh6 12. h3 a6 13. g4 hxg4 14. hxg4 b5 15. cxb5 axb5 16. Nxb5 Na6 17. a4 Nb4 18. Nc4 Ra6 19. b3 Qd7 20. g5 fxg5 21. Bxg5 Nf7 22. Be3 Qe7 23. Qd2 Bf6 24. Rg1 Kh7 25. O-O-O Rg8 26. Bg4 Bxg4 27. Rxg4 Qd7 28. f3 g5 29. Rdg1 Rg6 30. Qe2 Rh6 31. Bd2 Rh3 32. Qg2 Rh5 33. Bxb4 cxb4 34. Rh1 Rxh1+ 35. Qxh1+ Kg6 36. Qh3 Qd8 37. Rg1 Ra8 38. Rh1 Kg7 39. Qf5 Nh6 40. Qe6 Rc8 41. Nbxd6 Rc7 42. Ne8+ Kg6 43. Nxc7 Qxc7 44. Rxh6+ Kxh6 45. Qxf6+ Kh5 46. Qf5 Qc5 47. Qh7# 1-0

[Event "Rabat Blitz Marathon"]
[Site "Rabat MAR"]
[Date "2014.06.07"]
[Round "9.4"]
[White "Garcia Palermo, Carlos"]
[Black "Hansen, Eric"]
[Result "0-1"]
[WhiteElo "2449"]
[BlackElo "2584"]
[PlyCount "106"]
[GameId "2130307670759127"]
[EventDate "2014.06.07"]
[EventType "swiss (blitz)"]
[EventRounds "21"]
[EventCountry "MAR"]
[SourceTitle "10 Days #402"]
[Source "Chess Mix"]

1. d4 Nf6 2. Bg5 d5 3. e3 Nbd7 4. c4 h6 5. Bh4 e6 6. Nc3 Bb4 7. cxd5 exd5 8. Bd3 c6 9. Nge2 O-O 10. O-O Re8 11. Qc2 Bd6 12. Bg3 Bxg3 13. Nxg3 h5 14. h3 Nb6 15. Rad1 h4 16. Nf5 Bxf5 17. Bxf5 Nc4 18. Bd3 Nd6 19. Rfe1 Re7 20. f3 Nh5 21. Qf2 Re6 22. e4 Nf4 23. e5 Qg5 24. Kh2 Nxd3 25. Rxd3 Nf5 26. f4 Qh6 27. Nd1 Rg6 28. Ne3 Ng3 29. f5 Ne4 30. Qf3 Rg3 31. Ng4 Qg5 32. Qe2 Rxd3 33. Qxd3 Qf4+ 34. Kg1 Qxf5 35. Rf1 Qg5 36. b4 a6 37. a4 Rf8 38. b5 axb5 39. axb5 f5 40. exf6 gxf6 41. bxc6 bxc6 42. Qc2 f5 43. Ne5 Qe3+ 44. Kh2 Qxd4 45. Nxc6 Qf6 46. Qc1 Qd6+ 47. Kg1 Rf7 48. Nd4 Ng3 49. Re1 Qb6 50. Re8+ Kh7 51. Qa1 Qf6 52. Re6 Qg7 53. Qd1 Qg5 0-1

[Event "Rabat Blitz Marathon"]
[Site "Rabat MAR"]
[Date "2014.06.07"]
[Round "10.2"]
[White "Hansen, Eric"]
[Black "Ipatov, Alexander"]
[Result "1-0"]
[WhiteElo "2584"]
[BlackElo "2613"]
[PlyCount "63"]
[GameId "2130307670759129"]
[EventDate "2014.06.07"]
[EventType "swiss (blitz)"]
[EventRounds "21"]
[EventCountry "MAR"]
[SourceTitle "10 Days #402"]
[Source "Chess Mix"]

1. e4 c5 2. Nf3 Nf6 3. e5 Nd5 4. Nc3 Nxc3 5. bxc3 d5 6. d4 Nc6 7. Be2 c4 8. O-O e6 9. Be3 Be7 10. g3 O-O 11. Re1 b5 12. a3 a5 13. h4 f6 14. exf6 gxf6 15. Nh2 e5 16. Bh6 e4 17. Bxf8 Qxf8 18. f3 f5 19. fxe4 fxe4 20. Bg4 Bd6 21. Bxc8 Rxc8 22. Qg4+ Kh8 23. Rf1 Qg8 24. Kg2 Qxg4 25. Nxg4 Rg8 26. Rf6 Rg6 27. h5 Rxf6 28. Nxf6 Ne7 29. h6 a4 30. Rb1 Nf5 31. Rxb5 e3 32. Rb7 1-0

[Event "Rabat Blitz Marathon"]
[Site "Rabat MAR"]
[Date "2014.06.07"]
[Round "11.1"]
[White "Fridman, Daniel"]
[Black "Hansen, Eric"]
[Result "1-0"]
[WhiteElo "2627"]
[BlackElo "2584"]
[PlyCount "59"]
[GameId "2130307670759132"]
[EventDate "2014.06.07"]
[EventType "swiss (blitz)"]
[EventRounds "21"]
[EventCountry "MAR"]
[SourceTitle "10 Days #402"]
[Source "Chess Mix"]

1. d4 Nf6 2. c4 g6 3. Nc3 d5 4. Nf3 Bg7 5. h4 dxc4 6. e4 O-O 7. Bxc4 Bg4 8. e5 Nfd7 9. h5 Nb6 10. Bb3 c5 11. hxg6 hxg6 12. Rh4 cxd4 13. Rxg4 dxc3 14. Rxg6 Qxd1+ 15. Kxd1 cxb2 16. Bxb2 Rd8+ 17. Ke2 e6 18. Rg4 Nc6 19. Rh1 Ne7 20. Rh5 Nbd5 21. Nh4 Ng6 22. Nxg6 fxg6 23. Rhg5 Kf7 24. g3 Ne7 25. Rf4+ Nf5 26. g4 Bh6 27. gxf5 Bxg5 28. Bxe6+ Kg7 29. f6+ Kf8 30. Ba3+ 1-0